Statistics for NBA Teams - Two Minute Sprint

Click here to take the quiz!

General Stats

  • This quiz has been taken 581 times
  • The average score is 24 of 30

Answer Stats

Team % Correct
Golden State Warriors
93%
Los Angeles Lakers
93%
Boston Celtics
92%
Los Angeles Clippers
89%
Cleveland Cavaliers
88%
Miami Heat
86%
Brooklyn Nets
85%
Houston Rockets
85%
New York Knicks
84%
San Antonio Spurs
83%
Toronto Raptors
82%
Philadelphia 76ers
82%
Orlando Magic
82%
Dallas Mavericks
81%
Oklahoma City Thunder
81%
Phoenix Suns
81%
Chicago Bulls
81%
Milwaukee Bucks
77%
Atlanta Hawks
76%
Sacramento Kings
75%
New Orleans Pelicans
75%
Utah Jazz
75%
Indiana Pacers
73%
Portland Trailblazers
73%
Detroit Pistons
72%
Minnesota Timberwolves
70%
Washington Wizards
69%
Denver Nuggets
69%
Charlotte Hornets
68%
Memphis Grizzlies
66%

Score Distribution

Percentile by Number Answered

Percent of People with Each Score

Your Score History

You have not taken this quiz